000 00471nam a2200181Ia 4500
008 240925s9999 xx 000 0 und d
020 _a71136967
082 _a621.381 SCH
100 _aSchuler , C .L
245 0 _aElectronics Principles and Applications
250 _a4th
260 _aNew York:
_bMcGraw-Hill
_c,1994.
300 _axxvi, 665p.
_bNA
_fOriginal
500 _aIncludes Index
600 _aElectronic Engineering
650 _aTechnology
942 _cBK
999 _c2646
_d2646